Personnages de mangas nés en avril par images - Statistiques

Statistiques générales
  • Ce quiz a été pris 37 fois
  • Le résultat moyen est 15 sur 20
Statistiques - réponses
Par images Réponse % Correct
Saitama
100%
Usopp
97%
Edward Newgate / Barbe Blanche
94%
Son Goku
90%
Kurapika
87%
Meruem
87%
Brook
84%
Erza Scarlet
84%
Katsuki Bakugo
81%
Inosuke Hashibara
77%
Jean Kirstein
77%
Guts
74%
Dio Brando
71%
Alphonse Elric
68%
Jonathan Joestar
68%
Luxus Draer
58%
Tomura Shigaraki
58%
Yoichi Isagi
58%
Thors Snorresson
52%
Giomo Giovanna
19%
Aucun quiz correspondant
Distribution des résultats
% des personnes avec chaque résultat
Percentile par nombre de réponses
Votre historique - résultats
Vous n’avez pas pris ce quiz